Innocents /
A young Malay girl befriends an ostracized Chinese boy and embarks on a quest for independence to protect their secret and fragile world. In the monsoon season of 1980s Singapore, Syafiqah enters a harsh institution where she befriends an ostracized boy, Huat. Misunderstood and bullied, they while a...
| Other Authors: | |
|---|---|
| Format: | Video |
| Language: | English Malay |
| Language Notes: | In English and Malay. |
| Published: |
[Place of publication not identified] :
Add Oil Films Pte Ltd,
2012.
|
| Series: | Academic Video Online
|
| Subjects: | |
| Online Access: | Connect to this streaming video (Alexander Street Press) |
MARC
| Tag | First Indicator | Second Indicator | Subfields |
|---|---|---|---|
| LEADER | 00000cgm a2200000Mi 4500 | ||
| 001 | in00005585708 | ||
| 006 | m o c | ||
| 007 | cr |n||||||||a | ||
| 007 | vz |za|z| | ||
| 008 | 170720s2012 xx 088 e o vueng d | ||
| 005 | 20241201233031.1 | ||
| 035 | |a (OCoLC)on1000294452 | ||
| 040 | |a ALSTP |b eng |e rda |e pn |c ALSTP |d OCLCO |d OCLCF |d UPM |d OCLCQ |d OCLCO |d CAUOI |d OCLCA |d WYU |d S9I |d OCLCO |d OCLCL |d DXU | ||
| 019 | |a 1373554795 |a 1443952819 | ||
| 035 | |a (OCoLC)1000294452 |z (OCoLC)1373554795 |z (OCoLC)1443952819 | ||
| 041 | 0 | |a eng |a may | |
| 043 | |a a-si--- | ||
| 049 | |a TXAM | ||
| 245 | 0 | 0 | |a Innocents / |c written, directed, and produced by Chen-Hsi Wong ; an Analog Robot production. |
| 264 | 1 | |a [Place of publication not identified] : |b Add Oil Films Pte Ltd, |c 2012. | |
| 300 | |a 1 online resource (88 min.) | ||
| 306 | |a 012827 | ||
| 336 | |a two-dimensional moving image |b tdi |2 rdacontent | ||
| 337 | |a video |b v |2 rdamedia | ||
| 337 | |a computer |b c |2 rdamedia | ||
| 338 | |a other |b vz |2 rdacarrier | ||
| 338 | |a online resource |b cr |2 rdacarrier | ||
| 347 | |a data file |2 rda | ||
| 380 | |a Videorecording | ||
| 490 | 0 | |a Academic Video Online | |
| 500 | |a Title from resource description page (viewed July 20, 2017). | ||
| 500 | |a Editor, Jeffrey McMahon. | ||
| 508 | |a Director of photography, Joseph White. | ||
| 511 | 1 | |a Nameera Ashley, Chengyue Cai, Hanisah. | |
| 520 | |a A young Malay girl befriends an ostracized Chinese boy and embarks on a quest for independence to protect their secret and fragile world. In the monsoon season of 1980s Singapore, Syafiqah enters a harsh institution where she befriends an ostracized boy, Huat. Misunderstood and bullied, they while away the afternoons in the giant storm drains behind their school, carving out a fragile world of fantasy. But as the rains intensify, a vow of secrecy forces her to embark on a quest of independence well beyond her years. With its sensitive imagery and honest performances, this delicate coming of age film recalls memories of childhood within a swiftly evolving city-state. | ||
| 546 | |a In English and Malay. | ||
| 650 | 0 | |a School children |z Singapore. | |
| 650 | 0 | |a Coming of age |z Singapore. | |
| 650 | 0 | |a Friendship |z Singapore. | |
| 650 | 6 | |a Élèves du primaire |z Singapour. | |
| 650 | 6 | |a Passage à l'âge adulte |z Singapour. | |
| 650 | 6 | |a Amitié |z Singapour. | |
| 650 | 7 | |a Coming of age. |2 fast |0 (OCoLC)fst01763769 | |
| 650 | 7 | |a Friendship. |2 fast |0 (OCoLC)fst00935174 | |
| 650 | 7 | |a School children. |2 fast |0 (OCoLC)fst01107147 | |
| 651 | 7 | |a Singapore. |2 fast |0 (OCoLC)fst01205288 |1 https://id.oclc.org/worldcat/entity/E39PBJpV8D6qM4JGxDqvHvtYfq | |
| 655 | 7 | |a Coming-of-age films. |2 fast |0 (OCoLC)fst01726250 | |
| 655 | 7 | |a Feature films. |2 fast |0 (OCoLC)fst01710384 | |
| 655 | 7 | |a Fiction films. |2 fast |0 (OCoLC)fst01710264 | |
| 655 | 7 | |a Feature films. |2 lcgft | |
| 655 | 7 | |a Fiction films. |2 lcgft | |
| 655 | 7 | |a Coming-of-age films. |2 lcgft | |
| 655 | 7 | |a Films de fiction. |2 rvmgf | |
| 655 | 7 | |a Films de passage à l'âge adulte. |2 rvmgf | |
| 700 | 1 | |a Chen-Hsi, Wong, |e director, |e producer. | |
| 710 | 2 | |a Add Oil Films Pte Ltd, |e production company. | |
| 758 | |i has work: |a Innocents (MovingImage) |1 https://id.oclc.org/worldcat/entity/E39PD3jGRT7GpXyKGcVqcqwtJC |4 https://id.oclc.org/worldcat/ontology/hasWork | ||
| 856 | 4 | 0 | |u http://proxy.library.tamu.edu/login?url=https://www.aspresolver.com/aspresolver.asp?MARC;3395448 |z Connect to this streaming video (Alexander Street Press) |t 0 |
| 955 | |a Alexander Street Press subscription streaming video | ||
| 994 | |a 92 |b TXA | ||
| 999 | f | f | |s 05e1008e-13f7-419d-b093-ffad71db20e9 |i ae24d1cb-6420-49a5-ad84-c721d98a40d8 |t 0 |
| 952 | f | f | |a Texas A&M University |b College Station |c Electronic Resources |d Available Online |t 0 |h Library of Congress classification |
| 998 | f | f | |t 0 |l Available Online |